Die Radiofamilie /

Hlavní autor: Bachmann, Ingeborg, 1926-1973
Další autoři: McVeigh, Joseph
Jazyk: Němčina
Vydáno: Berlin : Suhrkamp, 2011
Vydání: 1. Aufl.
Témata:
Fyzický popis: 410 s. : il. ; 21 cm
Knihy
Uloženo v:
LEADER 01063nam a2200289 a 4500
001 001180891
003 CZ BrMZK
005 20111206083110.0
007 ta
008 111116s2011 gw a g 000 d ger
020 |a 978-3-518-42215-1  |q (váz.) 
040 |a BOA001  |b cze 
072 7 |a 821.112.2-2  |x Německé drama, německy psané  |2 Konspekt  |9 25 
080 |a 821.112.2(436)-2  |2 MRF 
080 |a (0:82-2)  |2 MRF 
100 1 |a Bachmann, Ingeborg,  |d 1926-1973  |7 jn19981000185  |4 aut 
245 1 4 |a Die Radiofamilie /  |c Ingeborg Bachmann ; Herausgegeben und mit einem Nachwort von Joseph McVeigh 
250 |a 1. Aufl. 
260 |a Berlin :  |b Suhrkamp,  |c 2011 
300 |a 410 s. :  |b il. ;  |c 21 cm 
504 |a Obsahuje bibliografii a bibliografické odkazy 
655 7 |a rakouská dramata  |7 fd133217  |2 czenas 
700 1 |a McVeigh, Joseph  |q (Joseph George)  |7 mzk2011670844  |4 edt 
910 2 |a BOA001  |b RK-0005.815 
990 |a BK 
991 |b 201112  |e b  |x 33 
996 7 |b 261A007026  |c RK-0005.815  |l Rakouská knihovna/2.patro  |r ZHR  |n 0  |p dar  |h B-bac  |w 001214729  |u 000010  |a 0  |e BOA001  |j MZK50  |s A